000
00287nam a22001337a 4500
020
_a
81-291-0592-6
082
_a
822
_b
SHA/A
100
_a
SHAKESPEARE, WILLIAM
245
_a
ANTONY& CLEOPATRA
260
_a
NEW DELHI
_b
RUPA.CO
300
_a
176
650
_a
PLAY
_z
NEW DELHI
942
_c
BK
999
_c
3516
_d
3516